000
00214nam a22000977a 4500
999
_c
5962
_d
5960
005
20210909111802.0
008
190621b xxu||||| |||| 00| 0 eng d
041
_a
eng
245
_a
ORNAMENTAL HORTICULTURE
942
_c
BK